Premier League Teams Promoted Right After Relegation - Statistics

General Stats
  • This quiz has been taken 185 times
  • The average score is 13 of 19
Answer Stats
Relegated Promoted Club % Correct
2008-09 2009-10 Newcastle United
86%
2015-16 2016-17 Newcastle United
86%
2013-14 2014-15 Norwich City
84%
2005-06 2006-07 Sunderland
79%
2010-11 2011-12 West Ham United
76%
2000-01 2001-02 Manchester City
74%
2002-03 2003-04 West Bromwich Albion
74%
2008-09 2009-10 West Bromwich Albion
74%
2014-15 2015-16 Hull City
72%
2014-15 2015-16 Burnley
69%
2012-13 2013-14 Queens Park Rangers
69%
1996-97 1997-98 Middlesbrough
66%
1995-96 1996-97 Bolton Wanderers
64%
1994-95 1995-96 Leicester City
63%
2001-02 2002-03 Leicester City
63%
1992-93 1993-94 Crystal Palace
61%
1996-97 1997-98 Nottingham Forest
54%
2007-08 2008-09 Birmingham City
53%
1998-99 1999-2000 Charlton Athletic
51%
No matching quizzes found
Score Distribution
Percent of People with Each Score
Percentile by Number Answered
Your Score History
You have not taken this quiz